| 000 | 00488nam a2200193Ia 4500 | ||
|---|---|---|---|
| 005 | 20250423095627.0 | ||
| 008 | 250422s9999 xx 000 0 und d | ||
| 020 | _a97812600883347 | ||
| 050 | _aQP 34.5 .S49/ | ||
| 100 | _aShier, David | ||
| 245 | 0 | _aHole’s human anatomy & physiology | |
| 250 | _a14th ed. | ||
| 260 | _aNew York | ||
| 260 | _bMcGraw-Hill Education | ||
| 260 | _c2018 | ||
| 300 | _a997 p | ||
| 650 | _a Human physiology. Human anatomy. | ||
| 942 | _cBK | ||
| 999 |
_c30847 _d30847 |
||